<A> Marshall Plan for Middle and Eastern Europe?

Gespeichert in:
Bibliographische Detailangaben
1. Verfasser: Kostrzewa, Wojciech
Weitere Verfasser: Nunnenkamp, Peter, Schmieding, Holger
Format: Buch
Sprache:Englisch
Veröffentlicht: Kiel Institut für Weltwirtschaft 1989
Ausgabe:1. ed.
Schriftenreihe:Working Paper No. 403
Tags: Tag hinzufügen
Keine Tags, Fügen Sie das erste Tag hinzu!

MARC

LEADER 00000nam a2200000 4500
001 c028417
005 20250526081435.7
041 0 |a eng 
044 |a DE 
245 1 0 |a <A> Marshall Plan for Middle and Eastern Europe?  |c Wojciech Kostrzewa, Peter Nunnenkamp, Holger Schmieding 
250 |a 1. ed. 
264 1 |a Kiel  |b Institut für Weltwirtschaft  |c 1989 
300 |a 36 s. 
490 1 |a Working Paper  |v No. 403 
830 0 |a Working Paper  |v No. 403 
100 1 |a Kostrzewa, Wojciech 
700 1 |a Nunnenkamp, Peter 
700 1 |a Schmieding, Holger